Mythologie de la Grèce antique / (Record no. 48441)

MARC details
000 -LEADER
campo de control de longitud fija 00477nam a22001575i 4500
001 - NÚMERO DE CONTROL
campo de control 48441
003 - IDENTIFICADOR DE NÚMERO DE CONTROL
campo de control ES-MaACL
007 - CAMPO FIJO DE DESCRIPCIÓN FÍSICA--INFORMACIÓN GENERAL
campo de control de longitud fija t|
008 - DATOS DE LONGITUD FIJA--INFORMACIÓN GENERAL
campo de control de longitud fija 950718s1879 fr ||||1| fre d
040 ## - FUENTE DE CATALOGACIÓN
Centro catalogador/agencia de origen CAM
Lengua de catalogación spa
Centro/agencia transcriptor CAM
100 1# - ENTRADA PRINCIPAL--NOMBRE DE PERSONA
Nombre de persona Decharme, Paul.
9 (RLIN) 43160
245 10 - MENCIÓN DEL TÍTULO
Título Mythologie de la Grèce antique /
Mención de responsabilidad, etc. par P. Decharme.
260 ## - PUBLICACIÓN, DISTRIBUCIÓN, ETC.
Lugar de publicación, distribución, etc. Paris :
Nombre del editor, distribuidor, etc. Garnier fréres,
Fecha de publicación, distribución, etc. 1879 (
Fabricante typographie Lahure)
300 ## - DESCRIPCIÓN FÍSICA
Extensión [6], XXV, 644 p., [5] h. de lám. :
Otras características físicas il. ;
Dimensiones 25 cm.
852 ## - LOCALIZACIÓN
Ubicación ES-MaACL
Número de control de estantería B-5005
Holdings
Estatus retirado Estado de pérdida Estado de daño No para préstamo Colección Biblioteca de origen Biblioteca actual Ubicación en estantería Fecha de adquisición Fuente de adquisición Total de préstamos Signatura topográfica completa Código de barras Visto por última vez Precio de reemplazo Tipo de ítem Koha
        Libros del s. XIX Biblioteca del Ateneo de Madrid Biblioteca del Ateneo de Madrid Sala Pardo Bazán 17/01/2008     B-5005 1050979 23/02/2023 23/02/2023 Libro impreso antiguo